The McGraw-Hill Education handbook of English grammar and usage (Record no. 590594)

000 -LEADER
fixed length control field 02881cam a2200565 i 4500
001 - CONTROL NUMBER
control field 22342398
003 - CONTROL NUMBER IDENTIFIER
control field NUST
005 - DATE AND TIME OF LATEST TRANSACTION
control field 20220825120829.0
006 - FIXED-LENGTH DATA ELEMENTS--ADDITIONAL MATERIAL CHARACTERISTICS
fixed length control field m |o d |
007 - PHYSICAL DESCRIPTION FIXED FIELD--GENERAL INFORMATION
fixed length control field cr |||||||||||
008 - FIXED-LENGTH DATA ELEMENTS--GENERAL INFORMATION
fixed length control field 200921s2019 nyu of 001 0 eng
010 ## - LIBRARY OF CONGRESS CONTROL NUMBER
LC control number 2020753765
020 ## - INTERNATIONAL STANDARD BOOK NUMBER
International Standard Book Number 9781260121681
Qualifying information ebook
020 ## - INTERNATIONAL STANDARD BOOK NUMBER
Canceled/invalid ISBN 1260121674
Qualifying information paperback
020 ## - INTERNATIONAL STANDARD BOOK NUMBER
Canceled/invalid ISBN 9781260121674
Qualifying information paperback
038 ## - RECORD CONTENT LICENSOR
Staff Name Azhar
040 ## - CATALOGING SOURCE
Original cataloging agency DLC
Language of cataloging eng
Description conventions rda
-- pn
Transcribing agency DLC
050 00 - LIBRARY OF CONGRESS CALL NUMBER
Classification number PE1112
082 04 - DEWEY DECIMAL CLASSIFICATION NUMBER
Classification number 428.2
Edition number 23
Author Mark LES
100 1# - MAIN ENTRY--PERSONAL NAME
Personal name Lester, Mark,
Relator term author.
9 (RLIN) 94997
245 14 - TITLE STATEMENT
Title The McGraw-Hill Education handbook of English grammar and usage
Statement of responsibility, etc. Mark Lester and Larry Beason.
246 30 - VARYING FORM OF TITLE
Title proper/short title Handbook of English grammar and usage
246 30 - VARYING FORM OF TITLE
Title proper/short title English grammar and usage
246 34 - VARYING FORM OF TITLE
Title proper/short title McGraw-Hill education handbook of English grammar & usage
246 30 - VARYING FORM OF TITLE
Title proper/short title English grammar & usage
250 ## - EDITION STATEMENT
Edition statement Third edition.
260 ## - PUBLICATION, DISTRIBUTION, ETC.
Place of publication, distribution, etc. New York :
Name of publisher, distributor, etc. McGraw-Hill Education,
Date of publication, distribution, etc. 2019
264 #1 - PRODUCTION, PUBLICATION, DISTRIBUTION, MANUFACTURE, AND COPYRIGHT NOTICE
Date of production, publication, distribution, manufacture, or copyright notice [2019]
300 ## - PHYSICAL DESCRIPTION
Extent 1 online resource (xii, 433 pages)
336 ## - CONTENT TYPE
Content type term text
Content type code txt
Source rdacontent
337 ## - MEDIA TYPE
Media type term computer
Media type code c
Source rdamedia
338 ## - CARRIER TYPE
Carrier type term online resource
Carrier type code cr
Source rdacarrier
500 ## - GENERAL NOTE
General note Includes index.
505 0# - FORMATTED CONTENTS NOTE
Formatted contents note Part I: Grammar 101. Parts of speech ; Basic phrases ; Sentences and clauses ; Verb forms ; Verbals -- Part II: How to find and correct mistakes. Writing complete sentences ; Subject-verb agreement ; Pronoun problems ; Verb problems ; Modification ; Commas ; Apostrophes ; Semicolons and colons ; Quotation marks ; Dashes, hyphens, and other punctuation ; Capitalization ; Parallelism ; Grammar etiquette for digital communication -- Appendix A: Homophone misspellings and commonly confused word.
520 ## - SUMMARY, ETC.
Summary, etc. Reviews the rules of English grammar, covering such topics as verb forms, subject-verb agreement, punctuation, capitalization, parallelism, who versus whom, and etiquette for digital communication.
563 ## - BINDING INFORMATION
Binding note PB
588 ## - SOURCE OF DESCRIPTION NOTE
Source of description note Description based on print version record and CIP data provided by publisher; resource not viewed.
650 #0 - SUBJECT ADDED ENTRY--TOPICAL TERM
Topical term or geographic name entry element English language
General subdivision Grammar
Form subdivision Handbooks, manuals, etc.
9 (RLIN) 94998
650 #0 - SUBJECT ADDED ENTRY--TOPICAL TERM
Topical term or geographic name entry element English language
General subdivision Usage
Form subdivision Handbooks, manuals, etc.
9 (RLIN) 94999
650 #7 - SUBJECT ADDED ENTRY--TOPICAL TERM
Topical term or geographic name entry element LANGUAGE ARTS & DISCIPLINES / Grammar & Punctuation.
Source of heading or term bisacsh
9 (RLIN) 95000
650 #7 - SUBJECT ADDED ENTRY--TOPICAL TERM
Topical term or geographic name entry element English language
General subdivision Grammar.
Source of heading or term fast
Authority record control number or standard number (OCoLC)fst00911209
9 (RLIN) 35697
650 #7 - SUBJECT ADDED ENTRY--TOPICAL TERM
Topical term or geographic name entry element English language
General subdivision Usage.
Source of heading or term fast
Authority record control number or standard number (OCoLC)fst00911918
9 (RLIN) 13151
655 #7 - INDEX TERM--GENRE/FORM
Genre/form data or focus term Handbooks and manuals.
Source of term fast
Authority record control number (OCoLC)fst01423877
9 (RLIN) 280
655 #7 - INDEX TERM--GENRE/FORM
Genre/form data or focus term Handbooks and manuals.
Source of term lcgft
9 (RLIN) 280
700 1# - ADDED ENTRY--PERSONAL NAME
Personal name Beason, Larry,
Relator term author.
9 (RLIN) 95001
776 08 - ADDITIONAL PHYSICAL FORM ENTRY
Relationship information Print version:
Title The McGraw-Hill Education handbook of English grammar and usage
Place, publisher, and date of publication New York : McGraw-Hill Education, [2019]
International Standard Book Number 1260121674
Record control number (DLC) 2020304158
906 ## - LOCAL DATA ELEMENT F, LDF (RLIN)
a 0
b cbc
c origcop
d 1
e ecip
f 20
g y-gencatlg
942 ## - ADDED ENTRY ELEMENTS (KOHA)
Source of classification or shelving scheme
Koha item type Lincoln Corner
Holdings
Withdrawn status Lost status Source of classification or shelving scheme Damaged status Not for loan Permanent Location Current Location Shelving location Date acquired Full call number Barcode Date last seen Price effective from Koha item type
          Central Library (CL) Central Library (CL) Lincoln Corner 07/25/2022 428.2 LES LC-204 07/25/2022 07/25/2022 Reference
© 2023 Central Library, National University of Sciences and Technology. All Rights Reserved.